La economía de guerra en México (Record no. 7062)

MARC details
000 -CABECERA
campo de control de longitud fija 00772nam a2200217 a 4500
001 - NÚMERO DE CONTROL
campo de control BRCA_7386
005 - FECHA Y HORA DE LA ÚLTIMA TRANSACCIÓN
campo de control 20190320205822.0
008 - DATOS DE LONGITUD FIJA--INFORMACIÓN GENERAL
campo de control de longitud fija 210313s1943----mx-#######---#000-0#spa-#
041 ## - CÓDIGO DE LENGUA
Código de lengua del texto/banda sonora o título independiente spa
044 ## - CÓDIGO DEL PAÍS DE LA ENTIDAD EDITORA/PRODUCTORA
Código MARC del país mx
050 #4 - SIGNATURA TOPOGRÁFICA DE LA BIBLIOTECA DEL CONGRESO
Número de clasificación HC135
Número de documento/Ítem .V55 1943
100 1# - ENTRADA PRINCIPAL--NOMBRE DE PERSONA
Nombre de persona Villaseñor Angeles, Eduardo
9 (RLIN) 18235
245 10 - MENCIÓN DE TÍTULO
Título La economía de guerra en México
Mención de responsabilidad, etc. Eduardo Villaseñor Angeles.
260 ## - PUBLICACIÓN, DISTRIBUCIÓN, ETC.
Lugar de publicación, distribución, etc. México
Nombre del editor, distribuidor, etc. Asociación de Banqueros de México
Fecha de publicación, distribución, etc. 1943
300 ## - DESCRIPCIÓN FÍSICA
Extensión 38 p.
500 ## - NOTA GENERAL
Nota general Conferencia del ciclo Problemas económicos americanos, dictada por el Paraninfo de la Universidad Nacional el día 7 de abril de 1943, por el Director General del Banco de México, S. A.
500 ## - NOTA GENERAL
Nota general Q94
651 #4 - PUNTO DE ACCESO ADICIONAL DE MATERIA--NOMBRE GEOGRÁFICO
Nombre geográfico México
Subdivisión general Condiciones económicas
9 (RLIN) 2842
902 ## - CATALOGADOR
Iniciales GFM
942 ## - ELEMENTOS DE PUNTO DE ACCESO ADICIONAL (KOHA)
Fuente del sistema de clasificación o colocación Library of Congress Classification
Tipo de ítem Koha Libros
Holdings
Estado de retiro Estado de pérdida Estado dañado No para préstamo Localización permanente Ubicación/localización actual Fecha de adquisición Número de inventario Total de préstamos Signatura topográfica completa Código de barras Fecha visto por última vez Precio válido a partir de Tipo de ítem Koha
El ejemplar forma parte de la colección y puede ser consultado según las políticas vigentes.       Biblioteca del Museo Franz Mayer (Rogerio Casas-Alatriste) Biblioteca del Museo Franz Mayer (Rogerio Casas-Alatriste) 21/03/2013 Q94   HC135 .V55 1943 (Q94) 7989 22/03/2019 22/03/2019 Libros